Hawaii County Seats - Statistics

General Stats
  • This quiz has been taken 29 times
  • The average score is 3 of 5
Answer Stats
County County Seat % Correct
Honolulu Honolulu
100%
Hawai'i Hilo
86%
Kauai Lihue
43%
Kalawao (None)
29%
Maui Wailuku
21%
No matching quizzes found
Score Distribution
Percent of People with Each Score
Percentile by Number Answered
Your Score History
You have not taken this quiz